| 000 | 00365nam a22001217a 4500 | ||
|---|---|---|---|
| 020 | _a9781408864418 | ||
| 082 | _a934.03 DAL/G | ||
| 100 | _aDalrymple, William | ||
| 245 |
_aThe Golden Road : _bhow ancient India transformed the world/ _cby William Dalrymple |
||
| 260 |
_a. - London _b: Bloomsburry Publishing Ltd. _c, 2024 |
||
| 300 | _a482 pages | ||
| 942 |
_2ddc _cBK |
||
| 999 |
_c749060 _d749060 |
||